[Event "CAN-ch U20 2001"]
[Site "Montreal CAN"]
[Date "2001.01.07"]
[Round "9"]
[White "Gottlieb, Jonathan"]
[Black "Kapadia, Ronak"]
[Result "1-0"]
[WhiteElo "2118"]
[BlackElo "2073"]
[PlyCount "51"]
[GameId "2160767911627279"]
[EventDate "2001.01.03"]
[EventType "swiss"]
[EventRounds "9"]
[EventCountry "CAN"]

1. e4 c6 2. d4 d5 3. exd5 cxd5 4. Bd3 Nc6 5. c3 Nf6 6. Nf3 e6 7. Bf4 Bd6 8. Bxd6 Qxd6 9. O-O O-O 10. Re1 Nd7 11. Nbd2 h6 12. b4 a5 13. b5 Ne7 14. Re3 Nf5 15. Re2 a4 16. Kh1 Nf6 17. Ne5 Qb6 18. Qg1 h5 19. f3 g6 20. g4 hxg4 21. fxg4 Ne7 22. Qf2 Nd7 23. Qh4 Qd8 24. Qh6 Nxe5 25. Rxe5 Qc7 26. Rh5 1-0

[Event "CAN-ch U20 2001"]
[Site "Montreal CAN"]
[Date "2001.01.07"]
[Round "9"]
[White "Gurevich, Artjom"]
[Black "Mitrovic, Bojana"]
[Result "1-0"]
[WhiteElo "2312"]
[BlackElo "2118"]
[PlyCount "43"]
[GameId "2160767911627280"]
[EventDate "2001.01.03"]
[EventType "swiss"]
[EventRounds "9"]
[EventCountry "CAN"]

1. e4 g6 2. d4 Bg7 3. Nc3 c6 4. Nf3 d6 5. Be3 Nf6 6. Qd2 O-O 7. Bd3 Nbd7 8. Bh6 e5 9. O-O-O b5 10. Bxg7 Kxg7 11. h4 Qa5 12. Kb1 Nb6 13. dxe5 dxe5 14. h5 b4 15. hxg6 fxg6 16. Qh6+ Kf7 17. Ng5+ Ke8 18. Nxh7 Nxh7 19. Qxg6+ Kd8 20. Rxh7 Nd7 21. Qxc6 Rb8 22. Bb5 1-0

[Event "CAN-ch U20 2001"]
[Site "Montreal CAN"]
[Date "2001.01.07"]
[Round "9"]
[White "Haynes, Nicolas"]
[Black "Masse, Hugues"]
[Result "1/2-1/2"]
[WhiteElo "1999"]
[BlackElo "2085"]
[PlyCount "73"]
[GameId "2160767911627281"]
[EventDate "2001.01.03"]
[EventType "swiss"]
[EventRounds "9"]
[EventCountry "CAN"]

1. e4 c5 2. Nf3 d6 3. Bb5+ Bd7 4. Bxd7+ Qxd7 5. c4 Nc6 6. O-O g6 7. d4 cxd4 8. Nxd4 Bg7 9. Be3 Nf6 10. f3 O-O 11. Nc3 a6 12. a4 Rac8 13. b3 Rfd8 14. Qd2 Qc7 15. Rfd1 Qa5 16. Rac1 Kh8 17. Qf2 Nxd4 18. Bxd4 Qb4 19. Qb2 e5 20. Na2 Qa5 21. b4 Qxa4 22. Bb6 Rd7 23. Nc3 Qc6 24. Qf2 Bh6 25. Be3 Bxe3 26. Qxe3 Rcd8 27. Qg5 Kg7 28. b5 Qc5+ 29. Kh1 h6 30. Qh4 g5 31. Qh3 Rc7 32. Ne2 axb5 33. cxb5 Qb6 34. Rxc7 Qxc7 35. Ng3 Kg6 36. Qf5+ Kg7 37. Qh3 1/2-1/2

[Event "CAN-ch U20 2001"]
[Site "Montreal CAN"]
[Date "2001.01.07"]
[Round "9"]
[White "Hua, Lefong"]
[Black "Vaingorten, Yaaqov"]
[Result "0-1"]
[WhiteElo "2400"]
[BlackElo "2292"]
[PlyCount "82"]
[GameId "2160767911627283"]
[EventDate "2001.01.03"]
[EventType "swiss"]
[EventRounds "9"]
[EventCountry "CAN"]

1. c4 e6 2. Nc3 d5 3. d4 c6 4. cxd5 exd5 5. Qc2 Bd6 6. Nf3 Ne7 7. Bg5 f6 8. Bh4 Bf5 9. Qd2 Na6 10. e3 Nc7 11. Bd3 Bxd3 12. Qxd3 Qd7 13. Bg3 Nf5 14. Rc1 O-O 15. O-O Bxg3 16. hxg3 Nd6 17. Nd2 Rfe8 18. Na4 Ne6 19. Rc2 Ng5 20. Nc5 Qf7 21. Rfc1 Qe7 22. a4 Ngf7 23. Qb3 Kh8 24. Qa2 Rac8 25. b4 a6 26. Qb3 Ra8 27. Nd3 Nd8 28. Ra2 Ne6 29. Nc5 Reb8 30. Rca1 Nc7 31. Qc3 h6 32. Ncb3 Ne6 33. Na5 Nd8 34. Rc2 Rc8 35. Nab3 Ne6 36. Nc5 Nc7 37. Rca2 Rcb8 38. Qd3 Qe8 39. Ndb3 b6 40. Nc1 bxc5 41. bxc5 Nc4 0-1

[Event "CAN-ch U20 2001"]
[Site "Montreal CAN"]
[Date "2001.01.07"]
[Round "9"]
[White "Mogilevsky, Olga"]
[Black "Wilson, Jonathan"]
[Result "0-1"]
[WhiteElo "1768"]
[BlackElo "1842"]
[PlyCount "84"]
[GameId "2160767911627284"]
[EventDate "2001.01.03"]
[EventType "swiss"]
[EventRounds "9"]
[EventCountry "CAN"]

1. e4 d5 2. exd5 Nf6 3. Nc3 Nxd5 4. d4 Nxc3 5. bxc3 Bf5 6. Bd3 Bxd3 7. Qxd3 c6 8. Nf3 e6 9. O-O Bd6 10. Re1 Nd7 11. c4 O-O 12. Ng5 Nf6 13. Re3 h6 14. Ne4 Nxe4 15. Qxe4 Qf6 16. Rb3 c5 17. Bb2 cxd4 18. Bxd4 e5 19. Be3 b6 20. a4 Rfc8 21. a5 bxa5 22. Rxa5 Qd8 23. Rd5 Qc7 24. h3 a5 25. Bb6 Qc6 26. c5 Bf8 27. Qxe5 a4 28. Ra3 Rcb8 29. Ra2 Qb5 30. Qb2 Rxb6 31. cxb6 Qxd5 32. b7 Rb8 33. Rxa4 Rxb7 34. Qc3 Rb1+ 35. Kh2 Bd6+ 36. f4 g5 37. Kg3 Bxf4+ 38. Kf2 Qd2+ 39. Qxd2 Bxd2 40. c4 Rb4 41. Ra8+ Kg7 42. c5 Bf4 0-1

[Event "CAN-ch U20 2001"]
[Site "Montreal CAN"]
[Date "2001.01.07"]
[Round "9"]
[White "Moskvitch, Andrei"]
[Black "Bluvshtein, Mark"]
[Result "0-1"]
[WhiteElo "2201"]
[BlackElo "2268"]
[PlyCount "70"]
[GameId "2160767911627285"]
[EventDate "2001.01.03"]
[EventType "swiss"]
[EventRounds "9"]
[EventCountry "CAN"]

1. Nf3 Nf6 2. g3 d5 3. Bg2 Bg4 4. O-O e6 5. d3 Nbd7 6. c4 c6 7. b3 Be7 8. cxd5 cxd5 9. Bb2 O-O 10. Nbd2 Qb6 11. Rc1 Rfc8 12. Rc2 Qa6 13. Qb1 b5 14. Rfc1 Rxc2 15. Rxc2 Rc8 16. Ba1 h6 17. Qc1 Rxc2 18. Qxc2 Kh7 19. e4 Kg8 20. Nf1 Bh5 21. Ne3 dxe4 22. dxe4 Bg6 23. Nd2 Bb4 24. Qb2 Qd6 25. Ndf1 e5 26. f4 exf4 27. gxf4 Qxf4 28. e5 Ne4 29. Nd5 Bc5+ 30. Kh1 Nf2+ 31. Kg1 Qg5 32. Nfe3 Bxe3 33. Nxe3 Nh3+ 34. Kf1 Qxe3 35. e6 Qg1+ 0-1

[Event "CAN-ch U20 2001"]
[Site "Montreal CAN"]
[Date "2001.01.07"]
[Round "9"]
[White "Raheb, David"]
[Black "Tessier, Olivier"]
[Result "1-0"]
[WhiteElo "2170"]
[BlackElo "2117"]
[PlyCount "121"]
[GameId "2160767911627286"]
[EventDate "2001.01.03"]
[EventType "swiss"]
[EventRounds "9"]
[EventCountry "CAN"]

1. b4 Nf6 2. Bb2 d5 3. e3 Bf5 4. Nf3 Nbd7 5. Be2 c6 6. O-O Qc7 7. d4 e6 8. a3 Bd6 9. Nbd2 b5 10. a4 Rb8 11. axb5 cxb5 12. Ra5 Bxb4 13. Rxb5 Rxb5 14. Bxb5 Bxc2 15. Qa1 Qb8 16. Rc1 Qxb5 17. Rxc2 O-O 18. Qxa7 Qe2 19. Qa1 Qd3 20. Qc1 h6 21. Bc3 Bd6 22. Ba5 Ra8 23. Ne1 Qf5 24. Bc7 Ba3 25. Qb1 Ne4 26. Nxe4 Qxe4 27. Qb7 Rf8 28. Qb3 Be7 29. f3 Qg6 30. Bg3 Nf6 31. Nd3 Ra8 32. Ne5 Qf5 33. Qd3 Qxd3 34. Nxd3 Ra3 35. Rd2 Bd8 36. Rd1 Nd7 37. Bf2 Nb6 38. e4 Nc4 39. exd5 exd5 40. Nf4 Bb6 41. Nxd5 Ba7 42. Ne7+ Kf8 43. Nc6 Ke8 44. Nxa7 Rxa7 45. g3 Ra2 46. Rc1 Nd2 47. Kg2 Ra3 48. Re1+ Kd7 49. Re3 Rxe3 50. Bxe3 Nb3 51. Kf2 Kd6 52. Ke2 Kd5 53. Kd3 Na5 54. g4 Nc6 55. h4 Ne7 56. Bd2 Nc6 57. Be3 Ne7 58. h5 f5 59. Bc1 fxg4 60. fxg4 Ng8 61. Ke3 1-0

[Event "CAN-ch U20 2001"]
[Site "Montreal CAN"]
[Date "2001.01.07"]
[Round "9"]
[White "Ramaswamy, Kiran"]
[Black "Ng, Gary"]
[Result "1-0"]
[WhiteElo "1860"]
[BlackElo "1703"]
[PlyCount "89"]
[GameId "2160767911627287"]
[EventDate "2001.01.03"]
[EventType "swiss"]
[EventRounds "9"]
[EventCountry "CAN"]

1. c4 b6 2. Nc3 Bb7 3. d4 e6 4. e4 Bb4 5. Qg4 Nf6 6. Qxg7 Rg8 7. Qh6 Bxe4 8. f3 Bg6 9. a3 Bf8 10. Qh4 h6 11. Nh3 Nh5 12. Qxd8+ Kxd8 13. Nf4 Nxf4 14. Bxf4 Nc6 15. O-O-O Bg7 16. Ne2 Na5 17. b3 Nxb3+ 18. Kb2 Nxd4 19. Nxd4 c5 20. Bxh6 Bxh6 21. Nc6+ Ke8 22. Ne5 Bg7 23. f4 Bh5 24. Rd2 Rd8 25. Kb3 Bh6 26. g3 f6 27. Nd3 e5 28. Bg2 Rg7 29. Re1 Re7 30. Rf2 Bg6 31. Be4 f5 32. Nxe5 Rxe5 33. fxe5 fxe4 34. Rf6 Bd2 35. Re2 Bh5 36. Rxd2 e3 37. Rg2 e2 38. Rg1 Ke7 39. h3 Rg8 40. g4 b5 41. cxb5 Bxg4 42. hxg4 Rxg4 43. Re1 Rg3+ 44. Kb2 Re3 45. Rf2 1-0

[Event "CAN-ch U20 2001"]
[Site "Montreal CAN"]
[Date "2001.01.07"]
[Round "9"]
[White "Rolfe, Warrick"]
[Black "Sadoway, Steven"]
[Result "1-0"]
[WhiteElo "2159"]
[BlackElo "2019"]
[PlyCount "97"]
[GameId "2160767911627288"]
[EventDate "2001.01.03"]
[EventType "swiss"]
[EventRounds "9"]
[EventCountry "CAN"]

1. e4 c6 2. d3 d5 3. Nd2 e5 4. g3 Nf6 5. Bg2 Bd6 6. Ngf3 O-O 7. O-O Re8 8. h3 Nbd7 9. Re1 Nf8 10. c4 dxe4 11. dxe4 Ng6 12. Qc2 Qe7 13. Nf1 h6 14. Be3 Bc5 15. Bxc5 Qxc5 16. Ne3 Be6 17. Bf1 Nd7 18. Rad1 f6 19. Nf5 Nb6 20. b3 Bxf5 21. exf5 Nf8 22. Nd2 e4 23. Nxe4 Qxf5 24. Kg2 Nbd7 25. Bd3 Ne5 26. f4 Nxd3 27. Qxd3 Re7 28. Nf2 Qxd3 29. Nxd3 Rae8 30. Rxe7 Rxe7 31. Kf3 Ne6 32. Nf2 f5 33. Rd2 Kf7 34. Nd3 Kf6 35. Ne5 Nc5 36. Rd6+ Re6 37. Rd8 Re7 38. Rf8+ Ke6 39. Ra8 a6 40. Ng6 Rf7 41. Rd8 Nd7 42. g4 fxg4+ 43. hxg4 Kf6 44. f5 h5 45. Kf4 hxg4 46. b4 b5 47. Re8 Nc5 48. bxc5 Rb7 49. cxb5 1-0

[Event "CAN-ch U20 2001"]
[Site "Montreal CAN"]
[Date "2001.01.07"]
[Round "9"]
[White "Stevens, Christian"]
[Black "Predescu, Sebastian"]
[Result "1-0"]
[WhiteElo "2063"]
[BlackElo "2042"]
[PlyCount "35"]
[GameId "2160767911627289"]
[EventDate "2001.01.03"]
[EventType "swiss"]
[EventRounds "9"]
[EventCountry "CAN"]

1. Nf3 g6 2. e4 Bg7 3. d4 d6 4. Nc3 Nd7 5. Bc4 e6 6. Bg5 Ne7 7. Qd2 c5 8. Bh6 O-O 9. h4 Nf6 10. Bxg7 Kxg7 11. O-O-O Qc7 12. h5 d5 13. hxg6 fxg6 14. Qh6+ Kf7 15. exd5 exd5 16. Ng5+ Ke8 17. Bb5+ Nc6 18. Rhe1+ 1-0

[Event "CAN-ch U20 2001"]
[Site "Montreal CAN"]
[Date "2001.01.07"]
[Round "9"]
[White "Wang, Hao Yuan"]
[Black "Robichaud, Martin"]
[Result "1-0"]
[WhiteElo "2129"]
[BlackElo "1974"]
[PlyCount "45"]
[GameId "2160767911627290"]
[EventDate "2001.01.03"]
[EventType "swiss"]
[EventRounds "9"]
[EventCountry "CAN"]

1. e4 e6 2. d4 d5 3. Nd2 dxe4 4. Nxe4 Nf6 5. Bg5 Nbd7 6. Nf3 Be7 7. Nxf6+ Nxf6 8. Bd3 c5 9. dxc5 Qa5+ 10. Qd2 Qxc5 11. Be3 Qh5 12. O-O-O Bd7 13. Kb1 Bc6 14. Be2 Ne4 15. Qe1 Bd8 16. Nd4 Qe5 17. Nxc6 bxc6 18. Bd4 Qc7 19. Bh5 Nf6 20. Qxe6+ Kf8 21. Qe2 Be7 22. Bf3 Rb8 23. Be5 1-0

[Event "CAN-ch U20 2001"]
[Site "Montreal CAN"]
[Date "2001.01.07"]
[Round "9"]
[White "Xu, Sheng Jun"]
[Black "Ramaswamy, Kishor"]
[Result "1/2-1/2"]
[WhiteElo "2085"]
[BlackElo "1900"]
[PlyCount "56"]
[GameId "2160767911627291"]
[EventDate "2001.01.03"]
[EventType "swiss"]
[EventRounds "9"]
[EventCountry "CAN"]

1. e4 c6 2. d4 d5 3. e5 Bf5 4. h4 h5 5. c4 dxc4 6. Bxc4 e6 7. Nc3 Nd7 8. Nge2 Be7 9. g3 Nb6 10. Bd3 Bxd3 11. Qxd3 Qd7 12. Be3 Nh6 13. Bxh6 Rxh6 14. Qe4 O-O-O 15. O-O-O Nd5 16. Kb1 Nxc3+ 17. Nxc3 Rhh8 18. g4 hxg4 19. Qxg4 g6 20. Ne4 Rh5 21. Ng3 Rh7 22. h5 gxh5 23. Rxh5 Rxh5 24. Qxh5 f6 25. Ne4 fxe5 26. Qxe5 Qd5 27. f4 Qxe5 28. fxe5 c5 1/2-1/2

[Event "CAN-ch U20 2001 3rd place"]
[Site "Montreal CAN"]
[Date "2001.01.07"]
[Round "10"]
[White "Gottlieb, Jonathan"]
[Black "Raheb, David"]
[Result "1-0"]
[WhiteElo "2050"]
[BlackElo "2132"]
[PlyCount "64"]
[GameId "2160767911618887"]
[EventDate "2001.01.07"]
[EventType "tourn"]
[EventRounds "2"]
[EventCountry "CAN"]

1. e4 c5 2. Nf3 d6 3. d4 cxd4 4. Nxd4 Nf6 5. Nc3 a6 6. Be2 g6 7. Be3 Bg7 8. f3 O-O 9. Qd2 Nc6 10. O-O-O Bd7 11. Kb1 b5 12. Nxc6 Bxc6 13. Nd5 Bxd5 14. exd5 Qc7 15. Bh6 Rfc8 16. Bxg7 Kxg7 17. c3 Rab8 18. g4 a5 19. h4 b4 20. c4 Qa7 21. Rdf1 h5 22. Rh2 b3 23. a3 Rb4 24. axb4 axb4 25. Qd3 Qa2+ 26. Kc1 Qa1+ 27. Qb1 Qa6 28. Kd1 Rxc4 29. Bxc4 Qxc4 30. Ke1 Nxd5 31. gxh5 Ne3 32. Rff2 Qe6 1-0

[Event "CAN-ch U20 2001 3rd place"]
[Site "Montreal CAN"]
[Date "2001.01.07"]
[Round "10"]
[White "Gurevich, Artjom"]
[Black "Raheb, David"]
[Result "1-0"]
[WhiteElo "2312"]
[BlackElo "2132"]
[PlyCount "49"]
[GameId "2160767911618888"]
[EventDate "2001.01.07"]
[EventType "tourn"]
[EventRounds "2"]
[EventCountry "CAN"]

1. d4 Nf6 2. c4 e6 3. g3 Bb4+ 4. Bd2 Qe7 5. Bg2 O-O 6. Nf3 Bxd2+ 7. Qxd2 d6 8. Nc3 Nbd7 9. O-O Rb8 10. Rac1 b6 11. b4 c5 12. dxc5 dxc5 13. b5 Bb7 14. Rfd1 Rfd8 15. Qe3 Ng4 16. Qf4 Ndf6 17. h3 e5 18. Qf5 g6 19. Qc2 Nh6 20. g4 e4 21. Nh2 e3 22. Bxb7 exf2+ 23. Kxf2 Rxb7 24. g5 Re8 25. gxf6 1-0

[Event "CAN-ch g Grade 12+under"]
[Site "Toronto CAN"]
[Date "2001.03.17"]
[Round "3"]
[White "Kagramanov, Dina"]
[Black "Mogilevsky, Olga"]
[Result "1/2-1/2"]
[WhiteElo "1957"]
[BlackElo "1788"]
[PlyCount "88"]
[GameId "2160767911565135"]
[EventDate "2001.03.16"]
[EventType "tourn"]
[EventRounds "5"]
[EventCountry "CAN"]

1. e4 e5 2. Nf3 Nc6 3. Bc4 Nf6 4. d3 Be7 5. c3 O-O 6. Nbd2 d5 7. exd5 Nxd5 8. O-O Bg4 9. Ne4 Qd7 10. h3 Bf5 11. Ng3 Bg6 12. Bb5 f6 13. Nh4 a6 14. Bc4 Na5 15. Bxd5+ Qxd5 16. Ngf5 Nc6 17. Qg4 Qf7 18. Bh6 Bxf5 19. Nxf5 Qg6 20. Bxg7 Rf7 21. Bh6 Kh8 22. Qxg6 hxg6 23. Nxe7 Rxe7 24. Be3 Rd7 25. Rad1 Rad8 26. f3 Rxd3 27. Rxd3 Rxd3 28. Kf2 Ne7 29. Ke2 Rd5 30. g4 Kg7 31. b4 Rd8 32. c4 Nc6 33. a3 Rh8 34. Rh1 g5 35. b5 axb5 36. cxb5 Nb8 37. Rc1 Rc8 38. b6 c6 39. Rd1 Kf7 40. Bf2 Rh8 41. a4 Ke8 42. Rh1 Nd7 43. Kd3 Ke7 44. Kc4 Ke6 1/2-1/2

[Event "CAN-ch w"]
[Site "Toronto CAN"]
[Date "2001.08.04"]
[Round "1"]
[White "Baltgailis, Vesma"]
[Black "Belc, Daniela"]
[Result "1-0"]
[WhiteElo "2015"]
[BlackElo "2067"]
[PlyCount "81"]
[GameId "2160767911555251"]
[EventDate "2001.08.04"]
[EventType "swiss"]
[EventRounds "6"]
[EventCountry "CAN"]
[SourceTitle "EXT 2002"]
[Source "ChessBase"]
[SourceDate "2001.11.25"]
[SourceVersion "1"]
[SourceVersionDate "2001.11.25"]
[SourceQuality "1"]

1. c4 Nf6 2. g3 c6 3. Bg2 d5 4. cxd5 cxd5 5. Nc3 Nc6 6. d4 Bf5 7. Nf3 e6 8. Nh4 Bg6 9. O-O Qb6 10. Nxg6 hxg6 11. e3 Bd6 12. Bd2 O-O-O 13. Qe2 Kb8 14. a3 Rh7 15. b4 Rdh8 16. h3 Qd8 17. Rfb1 e5 18. Nb5 exd4 19. Nxd6 Qxd6 20. exd4 Nxd4 21. Qd3 Ne6 22. h4 Rc8 23. Rd1 Qe5 24. Rac1 Rhh8 25. Bc3 Qd6 26. Qf3 Rh5 27. Bxf6 Rxc1 28. Rxc1 gxf6 29. Qxf6 Rf5 30. Qh8+ Nd8 31. Bh3 a6 32. Bxf5 gxf5 33. Rd1 f4 34. gxf4 Kc7 35. Qe5 Ne6 36. Rxd5 Qxe5 37. fxe5 Nf4 38. Rc5+ Kd7 39. h5 Ke6 40. h6 Ng6 41. h7 1-0

[Event "CAN-ch w"]
[Site "Toronto CAN"]
[Date "2001.08.04"]
[Round "1"]
[White "Benggawan, Alexandra"]
[Black "Bryskine, Marina"]
[Result "0-1"]
[WhiteElo "1774"]
[BlackElo "2052"]
[PlyCount "52"]
[GameId "2160767911555252"]
[EventDate "2001.08.04"]
[EventType "swiss"]
[EventRounds "6"]
[EventCountry "CAN"]

1. e4 e5 2. Nf3 Nc6 3. Bc4 Bc5 4. d3 d6 5. O-O Bg4 6. c3 Qe7 7. Qe2 h6 8. Be3 Bxe3 9. Qxe3 Nf6 10. Nbd2 O-O 11. d4 Bxf3 12. dxe5 Nxe5 13. gxf3 Nxc4 14. Nxc4 Rfe8 15. Rfe1 Qe6 16. Qd3 Nh5 17. Ne3 Nf4 18. Qb5 Qh3 19. Qf5 Qxf3 20. Rad1 Re5 21. Rd2 Rxf5 22. exf5 Nh3+ 23. Kf1 Re8 24. b3 Ng5 25. c4 Qh3+ 26. Ke2 Nf3 0-1

[Event "CAN-ch w"]
[Site "Toronto CAN"]
[Date "2001.08.04"]
[Round "1"]
[White "Benggawan, Amanda"]
[Black "Sviridovitch, Alina"]
[Result "1/2-1/2"]
[WhiteElo "2004"]
[BlackElo "1777"]
[PlyCount "126"]
[GameId "2160767911555253"]
[EventDate "2001.08.04"]
[EventType "swiss"]
[EventRounds "6"]
[EventCountry "CAN"]

1. e4 g6 2. d4 Bg7 3. Nc3 c6 4. f4 d5 5. e5 h5 6. b3 Nh6 7. Bb2 b6 8. Qd2 Ba6 9. Nf3 e6 10. Bxa6 Nxa6 11. Qe2 Nc7 12. Ba3 Nf5 13. O-O a5 14. Qf2 Na6 15. Na4 b5 16. Nc5 b4 17. Nxa6 Rxa6 18. Bb2 Bf8 19. Ne1 Qb6 20. Nd3 Ra8 21. c3 bxc3 22. Bxc3 Rc8 23. Rac1 Be7 24. Ba1 g5 25. Nc5 g4 26. Qd2 Bh4 27. Rc2 Ke7 28. Na4 Qa6 29. Rc5 Ra8 30. Bc3 Bg3 31. hxg3 Nxg3 32. Re1 Ne4 33. Rxe4 dxe4 34. Rxa5 Qd3 35. Qxd3 exd3 36. Rc5 Ra6 37. Be1 h4 38. Rc3 h3 39. Bg3 d2 40. Rd3 Raa8 41. Rxd2 Rh6 42. gxh3 Rxh3 43. Kg2 Rah8 44. Rd1 f6 45. Nc5 f5 46. a4 Ra8 47. b4 Rhh8 48. Rb1 Rhb8 49. Bh4+ Kf7 50. Bf6 Rb6 51. Rh1 Rxb4 52. Rh7+ Kg6 53. Rg7+ Kh6 54. Nxe6 Rbxa4 55. Bg5+ Kh5 56. Rh7+ Kg6 57. Rh6+ Kf7 58. Rf6+ Kg8 59. Rg6+ Kh7 60. Rh6+ Kg8 61. Rg6+ Kh7 62. Rh6+ Kg8 63. Rg6+ Kh7 1/2-1/2

[Event "CAN-ch w"]
[Site "Toronto CAN"]
[Date "2001.08.04"]
[Round "1"]
[White "Chichkina, Olya"]
[Black "Smith, Hazel"]
[Result "0-1"]
[WhiteElo "1983"]
[BlackElo "1677"]
[PlyCount "140"]
[GameId "2160767911555254"]
[EventDate "2001.08.04"]
[EventType "swiss"]
[EventRounds "6"]
[EventCountry "CAN"]

1. e4 e5 2. Nf3 Nc6 3. Bc4 Bc5 4. c3 Qe7 5. O-O d6 6. d4 Bb6 7. Ng5 Nh6 8. d5 Nb8 9. a4 a6 10. Kh1 O-O 11. Be2 Nd7 12. g4 Kh8 13. Na3 Ba7 14. b4 Ng8 15. f3 Ngf6 16. Qe1 h6 17. Nh3 Nh7 18. Nc2 Ndf6 19. Ne3 Bxe3 20. Bxe3 Bd7 21. Rg1 b5 22. axb5 axb5 23. Qg3 Ng8 24. Nf2 f6 25. Rgb1 Rfb8 26. Nd1 c6 27. dxc6 Bxc6 28. Bf2 Qf7 29. Ne3 Ne7 30. Qg1 Qg8 31. Qf1 Qe8 32. Qd1 Qd8 33. c4 bxc4 34. Nxc4 d5 35. Rxa8 Rxa8 36. Nb6 Rb8 37. exd5 Nxd5 38. Nxd5 Bxd5 39. b5 Ng5 40. h4 Nf7 41. Ba7 Ra8 42. b6 Bb7 43. Qb3 Nd6 44. Rd1 Qe7 45. Qa3 Rd8 46. Ba6 Bxa6 47. Qxa6 Qb7 48. Qxb7 Nxb7 49. Rc1 Rd7 50. Bb8 Kg8 51. Kg2 Kf7 52. Kf2 Ke6 53. Ke3 Kf7 54. Ke4 Rd4+ 55. Ke3 Rd7 56. Ra1 Ke6 57. Ra7 Kd5 58. Bc7 Kc6 59. Ra3 Rd5 60. Rc3+ Rc5 61. Rxc5+ Nxc5 62. f4 Kd5 63. fxe5 fxe5 64. Bd8 Ke6 65. h5 Nb7 66. Bh4 Kd5 67. Bd8 Nxd8 68. Kd3 e4+ 69. Ke3 Ke5 70. Kd2 Kf4 0-1

[Event "CAN-ch w"]
[Site "Toronto CAN"]
[Date "2001.08.04"]
[Round "1"]
[White "Chu, Stefanie"]
[Black "Dobrishman, Liat"]
[Result "0-1"]
[WhiteElo "2099"]
[BlackElo "1841"]
[PlyCount "150"]
[GameId "2160767911555255"]
[EventDate "2001.08.04"]
[EventType "swiss"]
[EventRounds "6"]
[EventCountry "CAN"]

1. e4 d5 2. exd5 Qxd5 3. Nc3 Qa5 4. d4 c6 5. Nf3 Bg4 6. Be2 e6 7. O-O Nf6 8. Re1 Be7 9. h3 Bh5 10. Bf4 O-O 11. Ne5 Bxe2 12. Rxe2 Rd8 13. Rd2 Nbd7 14. Nc4 Qh5 15. Qe1 Nf8 16. Bg3 Ng6 17. a3 Rac8 18. b4 b6 19. Ne4 Qd5 20. Ned6 Bxd6 21. Nxd6 Rxd6 22. c4 Qf5 23. Bxd6 Ne4 24. Bg3 Nxd2 25. Qxd2 Qf6 26. Rd1 Rd8 27. Qe3 h6 28. f3 Qf5 29. Qe4 Qxe4 30. fxe4 Rd7 31. Kf2 Kf8 32. Ke3 Ne7 33. Bb8 Ke8 34. a4 a6 35. b5 axb5 36. axb5 c5 37. d5 exd5 38. Rxd5 Nxd5+ 39. exd5 Re7+ 40. Kd3 Rb7 41. Be5 g6 42. Ke4 Kd7 43. Bf4 f5+ 44. Ke5 g5 45. Bc1 f4 46. h4 Rb8 47. hxg5 hxg5 48. Kf5 Rf8+ 49. Kg4 Ke7 50. Kxg5 f3 51. gxf3 Rxf3 52. Bf4 Kd7 53. Bb8 Ra3 54. d6 Ra4 55. Bc7 Rxc4 56. Bxb6 Kxd6 57. Ba5 Rc1 58. Kf4 Rd1 59. Ke3 c4 60. Bd2 Kc5 61. Ke2 Ra1 62. Bc3 Ra2+ 63. Kd1 Kxb5 64. Kc1 Rg2 65. Bd2 Kc5 66. Kc2 Rg3 67. Bc3 Kd5 68. Kb2 Ke4 69. Kc2 Rg2+ 70. Bd2 Kd4 71. Kc1 Kd3 72. Bf4 c3 73. Kb1 Rg1+ 74. Ka2 c2 75. Kb2 Rb1+ 0-1

[Event "CAN-ch w"]
[Site "Toronto CAN"]
[Date "2001.08.04"]
[Round "1"]
[White "Kagramanov, Dina"]
[Black "Brestoiu, Doina"]
[Result "1-0"]
[WhiteElo "1938"]
[BlackElo "2100"]
[PlyCount "63"]
[GameId "2160767911555256"]
[EventDate "2001.08.04"]
[EventType "swiss"]
[EventRounds "6"]
[EventCountry "CAN"]

1. e4 c5 2. Nf3 d6 3. d4 Nf6 4. Nc3 cxd4 5. Qxd4 Nc6 6. Bb5 Bd7 7. Bxc6 Bxc6 8. Bg5 e5 9. Qd3 Be7 10. O-O-O Qd7 11. Bxf6 gxf6 12. Nh4 O-O-O 13. Nf5 Bf8 14. Nd5 Qe6 15. Nb4 Qd7 16. Qc4 Kb8 17. Nd5 Qe6 18. h4 Rg8 19. g3 Rc8 20. Qb4 Rg4 21. f3 Rg8 22. Rd3 Bxd5 23. Rxd5 Rc6 24. Rhd1 Qc8 25. Qb3 Qc7 26. Qd3 Be7 27. Nxd6 Rxg3 28. Nf5 Rg2 29. Ne3 Rh2 30. Rd7 Rd6 31. Rxc7 Rxd3 32. Rxe7 1-0

[Event "CAN-ch w"]
[Site "Toronto CAN"]
[Date "2001.08.04"]
[Round "1"]
[White "Maric, Gordana"]
[Black "Khaziyeva, Dinara"]
[Result "1/2-1/2"]
[WhiteElo "1682"]
[BlackElo "1998"]
[PlyCount "139"]
[GameId "2160767911555257"]
[EventDate "2001.08.04"]
[EventType "swiss"]
[EventRounds "6"]
[EventCountry "CAN"]

1. e4 c5 2. Nf3 Nc6 3. d4 cxd4 4. Nxd4 Nf6 5. Nc3 d6 6. Bg5 e6 7. Be2 Be7 8. O-O O-O 9. Kh1 a6 10. f4 Qc7 11. Bf3 Bd7 12. Nce2 e5 13. Nxc6 Bxc6 14. Nc3 Rad8 15. Bxf6 Bxf6 16. f5 b5 17. Rf2 Bg5 18. Re2 Qb7 19. Qe1 Kh8 20. Rd1 g6 21. Bg4 Qe7 22. Nd5 Bxd5 23. Rxd5 Rg8 24. Qf1 f6 25. Qf3 Rb8 26. c3 Qc7 27. b3 Rb6 28. Rc2 Rc6 29. g3 Qg7 30. Qf1 Be3 31. Qg2 Qc7 32. Rd3 Ba7 33. Qf3 g5 34. Rcd2 Qb6 35. Qd1 Bb8 36. Qg1 Qa5 37. Qe3 Rgc8 38. Rc2 Qc7 39. Be2 Ba7 40. Qf3 Bd4 41. c4 bxc4 42. bxc4 Rxc4 43. Rxc4 Qxc4 44. Rb3 Qc1+ 45. Kg2 a5 46. Qh5 Qc2 47. Kh3 Qxe4 48. Bd3 Qc6 49. Qf7 Qc7 50. Qxf6+ Qg7 51. Qxd6 g4+ 52. Kg2 Qg5 53. Qa6 Qd2+ 54. Be2 Rf8 55. a4 Qe1 56. Bxg4 Qc1 57. Kh3 e4 58. Qd6 Bg7 59. Rb8 Qh6+ 60. Qxh6 Bxh6 61. Rxf8+ Bxf8 62. Be2 Kg7 63. Kg4 e3 64. Kf4 Bc5 65. g4 h6 66. h4 Bb6 67. g5 hxg5+ 68. hxg5 Bc5 69. f6+ Kg6 70. Kg4 1/2-1/2

[Event "CAN-ch w"]
[Site "Toronto CAN"]
[Date "2001.08.04"]
[Round "1"]
[White "Mitrovic, Bojana"]
[Black "Rodina, Nataliya"]
[Result "1-0"]
[WhiteElo "2171"]
[BlackElo "1955"]
[PlyCount "155"]
[GameId "2160767911555258"]
[EventDate "2001.08.04"]
[EventType "swiss"]
[EventRounds "6"]
[EventCountry "CAN"]

1. Nf3 Nf6 2. g3 g6 3. Bg2 Bg7 4. d4 d5 5. O-O O-O 6. c4 c6 7. b3 Bf5 8. Bb2 Nbd7 9. Nbd2 Ne4 10. Nh4 Nxd2 11. Qxd2 Be6 12. e4 dxe4 13. Bxe4 Bh3 14. Rfe1 Nf6 15. Bh1 Bc8 16. Rad1 Bg4 17. Nf3 e6 18. Bg2 Rc8 19. h3 Bxf3 20. Bxf3 Qc7 21. Bc1 Rfd8 22. Qe2 Rd7 23. Bf4 Qb6 24. Be5 Rcd8 25. Qb2 Ne8 26. c5 Qa5 27. b4 Qa4 28. Bxg7 Nxg7 29. Re3 a5 30. Ra3 Qxb4 31. Rb3 Qc4 32. Rxb7 Rxb7 33. Qxb7 Qxa2 34. Qxc6 h5 35. Qc7 Rf8 36. d5 exd5 37. Bxd5 Qe2 38. Ra1 Ne6 39. Bxe6 Qxe6 40. Qxa5 Rc8 41. Rc1 Qc6 42. h4 Kg7 43. Qc3+ Kg8 44. Qe3 Kg7 45. Rc3 Rc7 46. Qe5+ Kg8 47. Rd3 Rc8 48. Rd5 Re8 49. Qd4 Kh7 50. Re5 Rxe5 51. Qxe5 Kg8 52. Qb8+ Kg7 53. Qb6 Qd5 54. c6 Qd1+ 55. Kh2 Qd6 56. Qb2+ Kf8 57. Qc2 Qc7 58. Qe4 Qb6 59. Kg2 Qc7 60. Kf3 Qd6 61. Qc4 Qc7 62. Qb5 Ke8 63. Qb7 Kd8 64. Ke4 Qd6 65. c7+ Qxc7 66. Qxc7+ Kxc7 67. Ke5 Kd7 68. Kf6 Ke8 69. f4 Kf8 70. f5 gxf5 71. Kxf5 Kg7 72. Kg5 f6+ 73. Kxh5 Kh7 74. Kg4 Kg6 75. Kf4 Kg7 76. Kf5 Kf7 77. h5 Kg7 78. g4 1-0